Kể chuyện Bác Hồ

Giới thiệu những câu chuyện kể về Bác Hồ trong các lĩnh vực cần, kiệm, liêm, chính và nội dung tư tưởng đạo đức của Bác

Zapisane w:
Opis bibliograficzny
Format: Książka
Język:Undetermined
Wydane: Hà Nội Giáo dục Việt Nam 2012
Hasła przedmiotowe:
Etykiety: Dodaj etykietę
Nie ma etykietki, Dołącz pierwszą etykiete!
Thư viện lưu trữ: Trung tâm Học liệu Trường Đại học Cần Thơ
LEADER 00799nam a2200205Ia 4500
001 CTU_185147
008 210402s9999 xx 000 0 und d
020 |c 33000 
082 |a 895.922803 
082 |b K250/T.5 
245 0 |a Kể chuyện Bác Hồ 
245 0 |c Nguyễn Hữu Đảng (Sưu tầm, tuyển chọn) 
260 |a Hà Nội 
260 |b Giáo dục Việt Nam 
260 |c 2012 
520 |a Giới thiệu những câu chuyện kể về Bác Hồ trong các lĩnh vực cần, kiệm, liêm, chính và nội dung tư tưởng đạo đức của Bác 
650 |a Ho Chi Minh,Hồ Chí Minh 
650 |x Biography,Tiểu sử 
904 |i Hải 
980 |a Trung tâm Học liệu Trường Đại học Cần Thơ